Który ocean? - Statystyki

Ogólne statystyki
  • Ten quiz został rozwiązany 9 388 razy
    9 315 od ostatniego zresetowania
  • Średni wynik to 10 z 15
Statystyki odpowiedzi
Zagadnienie Odpowiedź % Poprawnych
Morze Bałtyckie Ocean Atlantycki
91%
Zatoka Meksykańska Ocean Atlantycki
83%
Morze Czerwone Ocean Indyjski
80%
Morze Arabskie Ocean Indyjski
79%
Zatoka Bengalska Ocean Indyjski
75%
Kanał Mozambicki Ocean Indyjski
74%
Zatoka Perska Ocean Indyjski
74%
Morze Egejskie Ocean Atlantycki
70%
Morze Żółte Ocean Spokojny
66%
Morze Tasmana Ocean Spokojny
63%
Morze Białe Ocean Arktyczny
62%
Morze Łaptiewów Ocean Arktyczny
57%
Morze Barentsa Ocean Arktyczny
51%
Morze Marmara Ocean Atlantycki
47%
Morze Ochockie Ocean Spokojny
41%
Nie znaleziono quizów pasujących do podanych kryteriów
Rozkład punktacji
Procent ludzi z każdym wynikiem
Percentyl według liczby udzielonych odpowiedzi
Twoja historia wyników
Nie rozwiązałeś tego quizu od ostatniego zresetowania